| Поле | Название | Значение |
| |
Тип записи |
m |
| |
Библиографический уровень |
m |
| 001 |
Контрольный номер |
bc1fc8f64ba24c89a3d39923d481eb62 |
| 005 |
Дата корректировки |
20260619162921.7 |
| 040 |
Источник каталогиз. |
__ |
| b |
Код языка каталог. |
rus |
| e |
Правила каталог. |
PSBO |
| 041 |
Код языка издания |
0_ |
| a |
Код языка текста |
rus |
| 080 |
Индекс УДК |
__ |
| a |
Индекс УДК |
796.01:61(07) |
| 090 |
Шифры |
__ |
| c |
Каталожный индекс |
796.01:61(07) |
| x |
Авторский знак |
А 862 |
| 100 |
Автор |
1_ |
| a |
Автор |
Артемьева С.С. |
| 245 |
Заглавие |
10 |
| a |
Заглавие |
Физиотерапевтические средства восстановления работоспособности спортсменов |
| b |
Продолж. заглавия |
учебное пособие |
| c |
Ответственность |
Министерство спорта Российской Федерации |
| c |
Ответственность |
Воронежская государственная академия спорта, Кафедра медико-биологических, естественно-научных и математических дисциплин |
| 256 |
Характеристики компьютерного файла |
__ |
| a |
Характеристики компьютерного файла |
Электрон. текстовые дан. (1 файл : 504 КБ) |
| 260 |
Выходные данные |
__ |
| a |
Место издания |
Воронеж |
| b |
Издательство |
ВГАС |
| c |
Дата издания |
2025 |
| 300 |
Физическое описание |
__ |
| a |
Объем |
Электрон. дан. (1 файл) |
| 336 |
Вид содержания |
__ |
| a |
Термин вида содержания |
Текст |
| 337 |
Средство доступа |
__ |
| a |
Термин типа средства |
электронный |
| 500 |
Примечания |
__ |
| a |
Примечание |
Режим доступа: Электронный каталог библиотеки. - Загл. с титула экрана. - Электрон. копия печ. версии |
| 504 |
Библиография |
__ |
| a |
Библиография |
Библиогр.: с. 49–50 |
| 520 |
Аннотация |
0_ |
| a |
Аннотация |
В пособии представлены основные понятия о физических факторах, механизмах их действия на организм, методах применения физических факторов в спортивной практике, даются основные показания и противопоказания к их применению. Рассмотрены такие средства восстановления спортсменов, как электромагнитотерапия, фототерапия, вибротерапия, прессотерапия, аэроионотерапия, гидротерапия, термотерапия. Может быть также использовано в учебном процессе на направлениях подготовки бакалавриата 49.03.01 «Физическая культура», 49.03.04 «Спорт», магистратуры по направлениям подготовки 49.04.03 «Спорт», профиль «Спорт высших достижений и система подготовки спортсменов» Предназначено для студентов физкультурных вузов, преподавателей, тренеров. |
| 650 |
Тематические рубрики |
04 |
| a |
Предметная рубрика |
ФИЗКУЛЬТУРА И СПОРТ |
| 650 |
Тематические рубрики |
04 |
| a |
Предметная рубрика |
МЕДИЦИНА |
| 650 |
Тематические рубрики |
04 |
| a |
Предметная рубрика |
ЭЛЕКТРОННАЯ БИБЛИОТЕКА |
| 653 |
Ключевые слова |
1_ |
| a |
Ключевые слова |
СПОРТИВНАЯ МЕДИЦИНА; ВОССТАНОВЛЕНИЕ В СПОРТЕ; ФИЗИОТЕРАПИЯ |
| 700 |
Другие авторы |
12 |
| a |
Другие авторы |
Двурекова Е.А. |
| 700 |
Другие авторы |
12 |
| a |
Другие авторы |
Черных А.В. |
| 900 |
Макрообъекты |
__ |
| a |
Имя макрообъекта |
Физиотерапевтические средства восстановления работоспособности спортсменов (020843) |
| 901 |
Тип документа |
__ |
| t |
Тип документа |
m |
| 952 |
Тип литературы |
__ |
| a |
Тип литературы для КСУ ВШ |
ЭКУ |
| 999 |
Фонд |
__ |
| a |
Фонд |
Книгообмен 2026 ЭР |